00930cam a22003614i 4500003000900000005001700009008004100026035001900067040003300086082002100119100003400140245007500174264004200249300002800291336002100319337002500340338002300365505005700388526001000445526001000455526000900465526000900474526000900483526000900492526000900501526000900510526000900519526000800528526000800536526000800544526000800552526000800560PE-LiUPU20250731165537.0150625s r 000 0 d a(Sirsi) a32200 aPE-LiUPUbspacPE-LiUPUerda04a420.463bA472211 aAllison Peers, Edgar,eautor.10aCassell Español-inglés Spanish-english.n2 /cEdgar Allison Peers. 1aBarcelona :bCassell - London,c1982. a118 páginas ;c25 cm. atext2rdacontent aunmediated2rdamedia avolume2rdacarrier0 aCassell Inglés español english-spanish. De: G-Q. aSEG44 aSEG26 aP151 aP150 aP149 aP146 aP145 aP126 aP125 aP92 aP75 aP74 aP27 aP15